Biblioteca

Abdul Masih : (Registro nro. 70749)

Detalles MARC
000 -LÍDER
Campo fijo de descripción fija 01021nab a2200241 i 4500
001 - NÚMERO DE CONTROL
Campo de control 768714001
003 - IDENTIFICADOR DEL NÚMERO DE CONTROL
Campo de control CO-MdFUSB
005 - FECHA Y HORA DE LA ULTIMA TRANSACCIÓN
control field 20240808111246.0
008 - ELEMENTOS DE LONGITUD FIJA -- INFORMACIÓN GENERAL
Campo fijo de descripción fija -- Información general 240808t1999 -us||||| |||| 00| 0 eng d
040 ## - FUENTE DE CATALOGACIÓN
Idioma de catalogación spa
Agencia que realiza la transcripción CO-MdFUSB
Agencia que realiza la modificación CO-MdFUSB
041 ## - CÓDIGO DE IDIOMA
Código de idioma para texto/pista de sonido o título separado eng
100 ## - ASIENTO PRINCIPAL--NOMBRE PERSONAL
Nombre personal Kings, Graham,
Término relacionador autor
245 1# - TÍTULO
Título Abdul Masih :
Subtitulo icon of Indian Indigeneity
Mención de responsabilidad / Graham Kings
520 ## - NOTA DE RESUMEN, ETC.
Nota de sumario, etc. El reverendo Abdul Massih, fue el único converso de Henry Martyn ordenado por el obispo Heber. <br/>Martín partió hacia Persia y Arabia, donde tuvo una muerte prematura, sin estar nunca seguro de la conversión de su converso.
546 ## - NOTA DE IDIOMA
Nota de idioma Texto en inglés.
650 #0 - ASIENTO SECUNDARIO DE MATERIA - TERMINO TEMÁTICO
Término temático o nombre geográfico como elemento de entrada Conversión
9 (RLIN) 950
650 #0 - ASIENTO SECUNDARIO DE MATERIA - TERMINO TEMÁTICO
Término temático o nombre geográfico como elemento de entrada Misiones
9 (RLIN) 154
650 #0 - ASIENTO SECUNDARIO DE MATERIA - TERMINO TEMÁTICO
Término temático o nombre geográfico como elemento de entrada Evangelización
9 (RLIN) 362
650 #7 - ASIENTO SECUNDARIO DE MATERIA - TERMINO TEMÁTICO
Término temático o nombre geográfico como elemento de entrada Iglesia
9 (RLIN) 655
773 0# - ASIENTO DE ITEM FUENTE
Biblionumber 49483
Itemnumber 82894
Otro identificador del ítem R2740
Título International Bulletinof Missionary Research
Número de control del registro (CO-MdFUSB)768714001
Número Internacional Normalizado para Publicaciones Seriadas (ISSN) 0272-6122
Parte(s) relacionada(s) / Volumen., número. (mes año), páginas Volumen 23, (número 2, 1999), páginas: 66 - 69
Enumeración y primera página página: 66
942 ## - TIPO DE MATERIAL (KOHA)
Tipo de Item KOHA Artículos de Revista
945 ## - INFORMACIÓN LOCAL DEL REGISTRO
Catalogador Catherine Arias Álvarez - Practicante SENA

No hay ítems disponibles.

Biblioteca FUSBC | Teléfono: (57+4) 349 88 10 Ext. 141| WhatsApp (+57) 3005338115 
E-mail: biblioteca@unisbc.edu.co | Calle 76 87-14 Robledo Palenque, Medellín, Colombia

Con tecnología Koha